| 000 | 00518nam a2200145Ia 4500 | ||
|---|---|---|---|
| 008 | 230917s9999||||xx |||||||||||||| ||und|| | ||
| 040 |
_e204768 _aMAIN |
||
| 041 | _aEnglish | ||
| 082 | _a891.4317109 MB896:DC | ||
| 100 | _aदेवताले, चन्द्रकान्त | ||
| 245 | 0 | _aमुक्तिबोध कविता और जीवन-विवेक | |
| 260 |
_aनई दिल्ली _bराधाकृष्ण प्रकाशन _c2011 |
||
| 300 | _a291 पृ. p. | ||
| 942 | _cHN | ||
| 999 |
_c172423 _d172423 |
||